000 00349nam a22001217a 4500
999 _c1074
_d1074
005 20200824115603.0
008 200824b ||||| |||| 00| 0 eng d
020 _a3526521168
040 _cCML
245 _aThe English we use.
_cClose, R.A.
260 _aGermany
_bLongman Group Ltd
_c1971
942 _2ddc
_cBK
_e2nd Edition
_h428
_mCLO